00437nam a2200121Ia 4500008004100000020002200041100002200063245010900085260006300194300002700257650001400284650001700298200918s9999 xx 000 0 und d a978-621-958-310-7 aRoldan, Amelia S. cAmelia S. Roldan, Benito T. Edica, Marian Joyce R. SantosaFood and beverage service customer relations/ aManila:bAIMS: Skills and Systems Upgrading Servicesc2018 aiii, 217 pagesc25 cm. aBeverages aFood service